000 00674nam a22002657a 4500
008 130513b xxu||||| |||| 00| 0 eng d
020 _a984-643-000-0
024 _cavailable
037 _cavailable
040 _aMBSTU LIbrary
082 _222
_a428 MAB
100 _aMoniruzzaman,M
110 _a
245 _aBasic English Language Skills
250 _a1st edition
260 _aDhaka
_bFriends Books Corner
_c2002
300 _a13.5 cm
_b181 page
_f5
_g13.5 cm
600 _aEnglish Language
700 _aMoniruzzaman, M
710 _a
270 _aDhaka
_bDhaka
_dBangladesh
365 _b83.00
_d83.00
942 _2ddc
_cBK
999 _c370
_d370